MARC

LEADER 00000nam0a2200000 4500
001 683809
005 20251219100200.0
090 |a 683809 
100 |a 20251219d1977 k||y0rusy50 ca 
101 0 |a rus 
102 |a RU 
105 |a a z 001|y 
181 0 |a i   |b  e  
182 0 |a n 
183 0 |a nc  |2 RDAcarrier 
200 1 |a Малоэтажные здания с применением стали, алюминия и эффективных материалов  |e сборник научных трудов  |f Ленинградский зональный научно-исследовательский и проектный институт типового и экспериментального проектирования жилых и общественных зданий 
203 |a Текст  |b визуальный  |c непосредственный 
210 |a Ленинград  |c [Б. и.]  |d 1977 
215 |a 75 с.  |c ил. 
283 |a volume  |2 RDAcarrier 
320 |a Литература в конце статей 
606 |a Здания и постройки малоэтажные  |x Отопление газовое  |9 38555 
606 |a Строительные конструкции облегченные  |9 75279 
675 |a 69.033  |v 4 
675 |a 624.01-183.4  |v 4 
712 0 2 |a Ленинградский зональный научно-исследовательский и проектный институт типового и экспериментального проектирования жилых и общественных зданий  |4 570  |9 24801 
801 0 |a RU  |b 63413507  |c 20251219 
830 |a Ретро2025Каталогизация Шило 
850 |a 63413507 
942 |c BK